000 00797cab a2200265 4500
001 ABS54285
008 090401t1996 xxu||||| |||| 00| 0 eng d
035 _a(Sirsi) u9547
041 _aeng
245 _aEstates Times survey: Cambridgeshire
260 _c1996
350 _a0
490 _aEstates Times
_v(1307) 12 January 1996, 9-15(7)
650 _aCAMBRIDGE
650 _aINDUSTRIAL MARKET
650 _aINDUSTRIAL RENTS
650 _aPROPERTY-COMMERCIAL PROPERTY-OFFICE PROPERTY-OFFICE PROPERTY MARKET
650 _aOFFICE RENTS
650 _aPETERBOROUGH
650 _aPROPERTY-COMMERCIAL PROPERTY-RETAIL PROPERTY-RETAIL PROPERTY MARKET
650 _aRETAIL RENTS
690 _aPROPERTY-COMMERCIAL PROPERTY-COMMERCIAL PROPERTY MARKET
942 _n0
948 _c04/03/1997
999 _c5982
_d5982